[Event "Paris-ch op 90th"]
[Site "Paris"]
[Date "2015.07.06"]
[Round "3"]
[White "Louis, Thibault"]
[Black "Nguyen, Chi Minh"]
[Result "0-1"]
[WhiteElo "2250"]
[BlackElo "2343"]
[PlyCount "128"]
[EventDate "2015.07.04"]
[EventType "swiss"]
[EventRounds "9"]
[EventCountry "FRA"]
[SourceTitle "CBM 167 Extra"]
[Source "ChessBase"]
[SourceDate "2015.09.14"]
[SourceVersion "1"]
[SourceVersionDate "2015.09.14"]
[SourceQuality "1"]

1. e4 e6 2. d4 d5 3. Nc3 Nc6 4. Nf3 Nf6 5. e5 Ne4 6. Ne2 f6 7. Ng3 Bd7 8. Bd3 fxe5 9. dxe5 Nc5 10. Bg5 Nxd3+ 11. Qxd3 Nxe5 12. Nxe5 Qxg5 13. Nxd7 Kxd7 14. Qb5+ Kd8 15. 0-0 Bd6 16. c4 Kc8 17. Rfe1 c6 18. Qb3 Qf6 19. Rac1 Rf8 20. cxd5 exd5 21. Re2 Kc7 22. Qxd5 Bf4 23. Rcc2 Rad8 24. Qe4 Rd7 25. Nf1 g6 26. g3 Bd6 27. Ne3 Kb8 28. Ng4 Qf5 29. Rcd2 Qxe4 30. Rxe4 Kc7 31. Red4 Rff7 32. Kg2 c5 33. Rd5 b5 34. f4 a6 35. Kf3 c4 36. a4 c3 37. Rc2 Bb4 38. Ne3 bxa4 39. bxc3 Bf8 40. c4 a3 41. c5 Rxd5 42. Nxd5+ Kc6 43. Nb4+ Kb5 44. Nd3 Rc7 45. Rc3 Bxc5 46. Nxc5 Rxc5 47. Rxa3 a5 48. Rb3+ Kc4 49. Rb7 a4 50. Rxh7 a3 51. Ra7 Kb3 52. g4 a2 53. h4 Rc3+ 54. Ke4 Rc4+ 55. Ke5 Ra4 56. Rxa4 Kxa4 57. Kf6 a1Q+ 58. Kxg6 Kb5 59. f5 Kc6 60. g5 Kd7 61. h5 Qh8 62. f6 Qg8+ 63. Kh6 Ke6 64. g6 Kxf6 0-1

[Event "Sautron op 14th"]
[Site "Sautron"]
[Date "2014.10.26"]
[Round "6"]
[White "Nguyen, Chi Minh"]
[Black "Nicolleau, Mathias"]
[Result "1-0"]
[WhiteElo "2343"]
[BlackElo "1984"]
[PlyCount "47"]
[EventDate "2014.10.26"]
[EventType "swiss"]
[EventRounds "9"]
[EventCountry "FRA"]
[SourceTitle "EXT 2016"]
[Source "ChessBase"]
[SourceDate "2015.10.08"]
[SourceVersion "1"]
[SourceVersionDate "2015.10.08"]
[SourceQuality "1"]

1. d4 Nf6 2. c4 e6 3. Nc3 Bb4 4. Bg5 h6 5. Bh4 c5 6. d5 Bxc3+ 7. bxc3 d6 8. Nf3 Qe7 9. e3 Nbd7 10. Nd2 Nb6 11. dxe6 Bxe6 12. a4 Nbd7 13. e4 0-0 14. Be2 Rfd8 15. 0-0 Nf8 16. Qc2 Ng6 17. Bg3 Bd7 18. f4 Bc6 19. Bf3 Re8 20. Rfe1 Qc7 21. h4 h5 22. Re3 Re7 23. Rae1 Rae8 24. Qd1 1-0

[Event "Sautron op 14th"]
[Site "Sautron"]
[Date "2014.10.25"]
[Round "3"]
[White "Peric, Slavisa"]
[Black "Nguyen, Chi Minh"]
[Result "1/2-1/2"]
[WhiteElo "2188"]
[BlackElo "2343"]
[PlyCount "74"]
[EventDate "2014.10.26"]
[EventType "swiss"]
[EventRounds "9"]
[EventCountry "FRA"]
[SourceTitle "EXT 2015"]
[Source "ChessBase"]
[SourceDate "2014.11.20"]
[SourceVersion "1"]
[SourceVersionDate "2014.11.20"]
[SourceQuality "1"]

1. d4 e6 2. Nf3 Nf6 3. c4 b6 4. a3 Bb7 5. Nc3 g6 6. Bf4 Bg7 7. e3 0-0 8. h3 d6 9. Be2 Qe7 10. 0-0 Nbd7 11. Bh2 e5 12. dxe5 Nxe5 13. Nxe5 dxe5 14. Qc2 Rfd8 15. Rad1 Ne8 16. Bf3 Bxf3 17. gxf3 Qe6 18. Rxd8 Rxd8 19. Rd1 Rxd1+ 20. Qxd1 Nd6 21. Nb5 Qxh3 22. Nxd6 Qd7 23. Qd5 cxd6 24. b4 Qe7 25. f4 h5 26. fxe5 Bxe5 27. Bxe5 dxe5 28. c5 bxc5 29. bxc5 Qc7 30. Qa8+ Kg7 31. c6 Qd6 32. Qb7 Qd1+ 33. Kg2 Qg4+ 34. Kf1 Qd1+ 35. Kg2 Qd5+ 36. Kf1 Qd1+ 37. Kg2 Qg4+ 1/2-1/2

[Event "Paris-ch op-FIDE 89th"]
[Site "Paris"]
[Date "2014.07.10"]
[Round "6"]
[White "Nguyen, Chi Minh"]
[Black "Adam, Etienne"]
[Result "1-0"]
[WhiteElo "2370"]
[BlackElo "2244"]
[PlyCount "75"]
[EventDate "2014.07.05"]
[EventType "swiss"]
[EventRounds "9"]
[EventCountry "FRA"]
[SourceTitle "CBM 161 Extra"]
[Source "ChessBase"]
[SourceDate "2014.08.29"]
[SourceVersion "1"]
[SourceVersionDate "2014.08.29"]
[SourceQuality "1"]

1. d4 d5 2. Nf3 Nf6 3. c4 c6 4. Nc3 dxc4 5. a4 e5 6. Nxe5 Bb4 7. e3 Be6 8. Be2 c5 9. 0-0 Nc6 10. Nxc6 bxc6 11. Bf3 Qc7 12. Nb5 Qb6 13. Nd6+ Ke7 14. a5 Qa6 15. e4 cxd4 16. e5 Nd7 17. Qxd4 h6 18. Rd1 Bc5 19. Qe4 g6 20. Qh4+ g5 21. Qe4 Rab8 22. h4 Rbg8 23. Nf5+ Ke8 24. Nd4 Bxd4 25. Qxd4 c5 26. Qe4 Qc8 27. Rd6 gxh4 28. Be3 h3 29. g3 Ke7 30. Rad1 h2+ 31. Kxh2 Nb8 32. Qh4+ Rg5 33. Kg1 Rhg8 34. Bg2 f6 35. exf6+ Kf7 36. Bxg5 hxg5 37. Qh7+ Kxf6 38. Bd5 1-0

[Event "Paris-ch op-FIDE 89th"]
[Site "Paris"]
[Date "2014.07.07"]
[Round "3"]
[White "Basso, Pier Luigi"]
[Black "Nguyen, Chi Minh"]
[Result "1/2-1/2"]
[WhiteElo "2302"]
[BlackElo "2370"]
[PlyCount "30"]
[EventDate "2014.07.05"]
[EventType "swiss"]
[EventRounds "9"]
[EventCountry "FRA"]
[SourceTitle "CBM 161 Extra"]
[Source "ChessBase"]
[SourceDate "2014.08.29"]
[SourceVersion "1"]
[SourceVersionDate "2014.08.29"]
[SourceQuality "1"]

1. Nf3 Nf6 2. g3 b6 3. Bg2 Bb7 4. 0-0 g6 5. b3 Bg7 6. Bb2 0-0 7. c4 d6 8. Nc3 c5 9. d4 cxd4 10. Nxd4 Bxg2 11. Kxg2 d5 12. cxd5 Nxd5 13. Ndb5 Nxc3 14. Bxc3 Bxc3 15. Nxc3 Nc6 1/2-1/2

[Event "Metz op 32nd"]
[Site "Metz"]
[Date "2014.05.06"]
[Round "5"]
[White "Nguyen, Chi Minh"]
[Black "Vaibhav, Suri"]
[Result "1/2-1/2"]
[WhiteElo "2375"]
[BlackElo "2524"]
[PlyCount "49"]
[EventDate "2014.05.03"]
[EventType "swiss"]
[EventRounds "9"]
[EventCountry "FRA"]
[SourceTitle "CBM 160 Extra"]
[Source "ChessBase"]
[SourceDate "2014.07.01"]
[SourceVersion "1"]
[SourceVersionDate "2014.07.01"]
[SourceQuality "1"]

1. d4 Nf6 2. c4 e6 3. Nc3 Bb4 4. e3 c5 5. Nge2 d5 6. a3 Ba5 7. dxc5 dxc4 8. Bd2 Nbd7 9. Ng3 Nxc5 10. Bxc4 Ncd7 11. 0-0 0-0 12. Rc1 Ne5 13. Be2 Bd7 14. Nce4 Bxd2 15. Nxf6+ Qxf6 16. Qxd2 Bc6 17. Qc3 Nd7 18. Qxf6 Nxf6 19. Rfd1 Rfd8 20. Rxd8+ Rxd8 21. Rd1 Rc8 22. Rc1 Rd8 23. Rd1 Rc8 24. Rc1 Rd8 25. Rd1 1/2-1/2

[Event "Metz op 32nd"]
[Site "Metz"]
[Date "2014.05.03"]
[Round "1"]
[White "Nguyen, Chi Minh"]
[Black "Gharamian, Tigran"]
[Result "0-1"]
[WhiteElo "2375"]
[BlackElo "2655"]
[PlyCount "146"]
[EventDate "2014.05.03"]
[EventType "swiss"]
[EventRounds "9"]
[EventCountry "FRA"]
[SourceTitle "CBM 160 Extra"]
[Source "ChessBase"]
[SourceDate "2014.07.01"]
[SourceVersion "1"]
[SourceVersionDate "2014.07.01"]
[SourceQuality "1"]

1. d4 Nf6 2. c4 e6 3. Nc3 Bb4 4. e3 0-0 5. Bd3 d5 6. cxd5 exd5 7. Nge2 c5 8. 0-0 Nc6 9. a3 cxd4 10. axb4 dxc3 11. b5 Ne5 12. Nxc3 Nxd3 13. Qxd3 Be6 14. b3 Qc7 15. Qd4 Qb6 16. Ba3 Qxd4 17. exd4 Rfc8 18. Rfc1 Ne4 19. Bb4 Nxc3 20. Rxc3 Rxc3 21. Bxc3 b6 22. Bd2 Bd7 23. Bf4 Bxb5 24. Bc7 Re8 25. h3 a6 26. Bxb6 h6 27. Rc1 Kh7 28. Ba5 Re4 29. Bb6 Re2 30. Rc3 Rb2 31. Bc5 Rb1+ 32. Kh2 Rb2 33. Kg1 Rb1+ 34. Kh2 Rf1 35. Rc2 g5 36. Bd6 Kg6 37. Bc5 Kf5 38. f3 Rb1 39. Rc3 Rb2 40. Kg1 Rb1+ 41. Kh2 Rb2 42. Kg1 h5 43. Re3 f6 44. b4 Rb1+ 45. Kh2 Rb2 46. Kg1 Rb1+ 47. Kh2 Bf1 48. Kg1 Rd1 49. Kf2 Bb5 50. Re1 Rd2+ 51. Kg1 Be2 52. Kf2 Bc4+ 53. Kg1 g4 54. hxg4+ hxg4 55. fxg4+ Kxg4 56. Re3 f5 57. Re6 Bd3 58. Rg6+ Kf4 59. Kh2 Ke3 60. Rg3+ Ke2 61. Kg1 Rd1+ 62. Kh2 Rf1 63. Bd6 Rf2 64. Kg1 Rf1+ 65. Kh2 Rf2 66. Kg1 Be4 67. Rg7 Rf1+ 68. Kh2 Ke3 69. Bc5 Ke2 70. Rg3 Rf2 71. Kg1 f4 72. Rg7 Bxg2 73. b5 Be4 0-1

[Event "BL2-Sued 1314"]
[Site "Germany"]
[Date "2014.03.16"]
[Round "8.5"]
[White "Schneider, Bernd2222"]
[Black "Nguyen, Chi Minh"]
[Result "0-1"]
[WhiteElo "2409"]
[BlackElo "2393"]
[PlyCount "92"]
[EventDate "2013.10.13"]
[EventType "team-tourn"]
[EventRounds "9"]
[EventCountry "GER"]
[SourceTitle "EXT 2015"]
[Source "ChessBase"]
[SourceDate "2014.11.20"]
[SourceVersion "1"]
[SourceVersionDate "2014.11.20"]
[SourceQuality "1"]
[WhiteTeam "Untergrombach"]
[BlackTeam "Schwaebisch Hall"]
[WhiteTeamCountry "GER"]
[BlackTeamCountry "GER"]

1. e4 e6 2. d4 d5 3. e5 c5 4. c3 Nc6 5. Nf3 Bd7 6. a3 f6 7. Bd3 Qc7 8. Bf4 c4 9. Bc2 0-0-0 10. h4 fxe5 11. Nxe5 Nxe5 12. Bxe5 Qb6 13. Ra2 Nf6 14. Nd2 Be8 15. Qe2 Bh5 16. f3 Nd7 17. Bf4 Bd6 18. Bxd6 Qxd6 19. g4 Bg6 20. Kd1 e5 21. Qf2 Kb8 22. h5 Bxc2+ 23. Kxc2 exd4 24. Qxd4 Ne5 25. Raa1 Rhf8 26. Rhf1 g6 27. Rad1 gxh5 28. gxh5 Nd3 29. Rg1 Qd7 30. Ra1 Qf5 31. Kd1 Nxb2+ 32. Kc1 Nd3+ 33. Kd1 Qxh5 34. Rb1 Qe8 35. Rg7 Rf7 36. Rxf7 Qxf7 37. Nxc4 Qxf3+ 38. Kc2 Qe2+ 39. Nd2 Ne5 40. Qf4 d4 41. c4 Ka8 42. Qf1 d3+ 43. Kc3 Qe3 44. Rb4 Nc6 45. Qf6 Qc5 46. Rb3 Qa5+ 0-1

[Event "Sautron op 13th"]
[Site "Sautron"]
[Date "2013.10.28"]
[Round "3"]
[White "Nguyen, Chi Minh"]
[Black "Roussel, Glenn"]
[Result "1-0"]
[WhiteElo "2389"]
[BlackElo "1944"]
[PlyCount "77"]
[EventDate "2013.10.26"]
[EventType "swiss"]
[EventRounds "9"]
[EventCountry "FRA"]
[SourceTitle "EXT 2016"]
[Source "ChessBase"]
[SourceDate "2015.10.08"]
[SourceVersion "1"]
[SourceVersionDate "2015.10.08"]
[SourceQuality "1"]

1. d4 Nf6 2. c4 c5 3. d5 b5 4. Qc2 Na6 5. a3 bxc4 6. Nc3 e6 7. e4 exd5 8. exd5 Be7 9. Bxc4 0-0 10. Nge2 d6 11. 0-0 Nd7 12. Ng3 Nb6 13. Ba2 Nc7 14. Be3 Bf6 15. Nge4 Bf5 16. Nxf6+ Qxf6 17. Qd2 Rab8 18. b4 cxb4 19. axb4 Qg6 20. Ne2 h6 21. Ng3 Rfe8 22. Nxf5 Qxf5 23. Bb1 Qe5 24. Rxa7 Ncxd5 25. Ra5 Qc3 26. Rxd5 Nxd5 27. Qxd5 Qxb4 28. Qd3 g6 29. g3 Kh7 30. h4 Rb5 31. Bd2 Qc5 32. Bf4 Rd8 33. Ba2 Qf5 34. Qd2 g5 35. hxg5 hxg5 36. Be3 g4 37. Bc4 Qf3 38. Bxb5 Rh8 39. Bd4 1-0

[Event "Metz op 31th"]
[Site "Metz"]
[Date "2013.07.24"]
[Round "7"]
[White "Nguyen, Chi Minh"]
[Black "Manolache, Marius"]
[Result "1/2-1/2"]
[WhiteElo "2372"]
[BlackElo "2501"]
[PlyCount "45"]
[EventDate "2013.04.20"]
[EventType "swiss"]
[EventRounds "9"]
[EventCountry "FRA"]
[SourceTitle "EXT 2016"]
[Source "ChessBase"]
[SourceDate "2015.10.08"]
[SourceVersion "1"]
[SourceVersionDate "2015.10.08"]
[SourceQuality "1"]

1. d4 Nf6 2. c4 g6 3. Nc3 Bg7 4. e4 d6 5. f4 0-0 6. Nf3 Bg4 7. Be2 Nfd7 8. 0-0 c5 9. d5 Na6 10. Ng5 Bxe2 11. Qxe2 Nc7 12. e5 dxe5 13. f5 Ne8 14. Qd3 h6 15. Nge4 Nd6 16. Nxd6 exd6 17. Ne4 Nf6 18. Bd2 a6 19. fxg6 fxg6 20. Nxf6+ Rxf6 21. Qe4 Kh7 22. h4 Qe8 23. h5 1/2-1/2

[Event "Syre Memorial op 36th"]
[Site "Issy les Moulineaux"]
[Date "2013.05.12"]
[Round "7"]
[White "Nguyen, Chi Minh"]
[Black "Shirazi, Kamran"]
[Result "1-0"]
[WhiteElo "2365"]
[BlackElo "2411"]
[PlyCount "71"]
[EventDate "2013.05.08"]
[EventType "swiss"]
[EventRounds "7"]
[EventCountry "FRA"]
[SourceTitle "EXT 2015"]
[Source "ChessBase"]
[SourceDate "2014.11.20"]
[SourceVersion "1"]
[SourceVersionDate "2014.11.20"]
[SourceQuality "1"]

1. d4 d5 2. c4 e6 3. Nf3 Nf6 4. Nc3 h6 5. a3 c5 6. dxc5 Bxc5 7. b4 Bd6 8. Bb2 0-0 9. c5 Bc7 10. Nb5 Nbd7 11. e3 Bb8 12. Nc3 Qe7 13. Be2 Rd8 14. 0-0 Nf8 15. Qc2 e5 16. e4 dxe4 17. Nxe4 Bf5 18. Nxf6+ Qxf6 19. Qc3 Ne6 20. Bc4 Nf4 21. Rfd1 Bd3 22. Kh1 Qg6 23. Nh4 Qh7 24. g3 Bc7 25. gxf4 Qe4+ 26. f3 Qxc4 27. Qxc4 Bxc4 28. Bxe5 Rxd1+ 29. Rxd1 Rd8 30. Rxd8+ Bxd8 31. Nf5 f6 32. Bd6 a6 33. Kg2 Bd3 34. Nd4 g5 35. Ne6 Bc4 36. Nxd8 1-0

[Event "Syre Memorial op 36th"]
[Site "Issy les Moulineaux"]
[Date "2013.05.09"]
[Round "3"]
[White "Tetchi, Franck"]
[Black "Nguyen, Chi Minh"]
[Result "0-1"]
[WhiteElo "1991"]
[BlackElo "2365"]
[PlyCount "56"]
[EventDate "2013.05.08"]
[EventType "swiss"]
[EventRounds "7"]
[EventCountry "FRA"]
[SourceTitle "EXT 2015"]
[Source "ChessBase"]
[SourceDate "2014.11.20"]
[SourceVersion "1"]
[SourceVersionDate "2014.11.20"]
[SourceQuality "1"]

1. e4 e6 2. d4 d5 3. e5 c5 4. c3 Nc6 5. Nf3 Bd7 6. Be2 f6 7. 0-0 fxe5 8. Nxe5 Nxe5 9. dxe5 Qc7 10. f4 Ne7 11. Na3 a6 12. Nc2 0-0-0 13. a4 h6 14. b4 g5 15. Kh1 gxf4 16. bxc5 Qxe5 17. Bxf4 Qg7 18. Nd4 e5 19. c6 Nxc6 20. Nxc6 Bxc6 21. Bg3 Bd6 22. Qb3 h5 23. Qb6 h4 24. Be1 h3 25. Bg3 hxg2+ 26. Kxg2 e4 27. Qe3 Rdg8 28. Rad1 Rxh2+ 0-1

[Event "Metz op 31th"]
[Site "Metz"]
[Date "2013.04.25"]
[Round "9"]
[White "Lagarde, Maxime"]
[Black "Nguyen, Chi Minh"]
[Result "1-0"]
[WhiteElo "2532"]
[BlackElo "2372"]
[PlyCount "65"]
[EventDate "2013.04.20"]
[EventType "swiss"]
[EventRounds "9"]
[EventCountry "FRA"]
[SourceTitle "EXT 2016"]
[Source "ChessBase"]
[SourceDate "2015.10.08"]
[SourceVersion "1"]
[SourceVersionDate "2015.10.08"]
[SourceQuality "1"]

1. e4 e6 2. d4 d5 3. Nc3 Bb4 4. exd5 exd5 5. Bd3 Nc6 6. a3 Ba5 7. Be3 Nge7 8. Qf3 Be6 9. Nge2 Ng6 10. h4 Nxh4 11. Qg3 Ng6 12. Bxg6 fxg6 13. Rxh7 Rxh7 14. Qxg6+ Kd7 15. Qxh7 Qh8 16. Qxh8 Rxh8 17. 0-0-0 Bxc3 18. Nxc3 Ne7 19. Bf4 c6 20. Ne2 Ng6 21. Bg3 Bg4 22. Re1 Bxe2 23. Rxe2 Rh1+ 24. Kd2 Rb1 25. b3 b5 26. Re1 Rxe1 27. Kxe1 Nf8 28. Be5 g6 29. Kd2 Ne6 30. Kc3 Nd8 31. f4 Ke6 32. g4 Nb7 33. Bc7 1-0

[Event "Metz op 31th"]
[Site "Metz"]
[Date "2013.04.23"]
[Round "6"]
[White "Hilverda, Alexander"]
[Black "Nguyen, Chi Minh"]
[Result "0-1"]
[WhiteElo "2329"]
[BlackElo "2372"]
[PlyCount "38"]
[EventDate "2013.04.20"]
[EventType "swiss"]
[EventRounds "9"]
[EventCountry "FRA"]
[SourceTitle "EXT 2016"]
[Source "ChessBase"]
[SourceDate "2015.10.08"]
[SourceVersion "1"]
[SourceVersionDate "2015.10.08"]
[SourceQuality "1"]

1. d4 Nf6 2. c4 e6 3. Nc3 Bb4 4. Qc2 0-0 5. a3 Bxc3+ 6. Qxc3 b5 7. cxb5 c6 8. Bg5 cxb5 9. e3 Bb7 10. Nf3 h6 11. Bh4 g5 12. Bg3 Ne4 13. Qc2 Na6 14. b4 Rc8 15. Qb2 h5 16. Nd2 h4 17. Nxe4 Bxe4 18. Bd6 Rc2 19. Qb3 Qf6 0-1

[Event "Metz op 31th"]
[Site "Metz"]
[Date "2013.04.21"]
[Round "2"]
[White "Dgebuadze, Alexandre"]
[Black "Nguyen, Chi Minh"]
[Result "1-0"]
[WhiteElo "2515"]
[BlackElo "2372"]
[PlyCount "44"]
[EventDate "2013.04.20"]
[EventType "swiss"]
[EventRounds "9"]
[EventCountry "FRA"]
[SourceTitle "EXT 2016"]
[Source "ChessBase"]
[SourceDate "2015.10.08"]
[SourceVersion "1"]
[SourceVersionDate "2015.10.08"]
[SourceQuality "1"]

1. e4 e6 2. Qe2 c5 3. Nf3 Nc6 4. g3 g6 5. Bg2 Bg7 6. 0-0 d6 7. c3 e5 8. Na3 Nge7 9. Nc2 0-0 10. b4 cxb4 11. cxb4 d5 12. d3 a6 13. a4 h6 14. Be3 d4 15. Bd2 Be6 16. b5 Na5 17. bxa6 bxa6 18. Bb4 Rc8 19. Rfc1 Qc7 20. Bxe7 Qxe7 21. Qd2 Qc7 22. Nh4 Rfd8 1-0

[Event "Oberliga Wuerttemberg 1213"]
[Site "Wuerttemberg"]
[Date "2013.03.24"]
[Round "8.5"]
[White "Birkenmaier, Rainer"]
[Black "Nguyen, Chi Minh"]
[Result "0-1"]
[WhiteElo "2031"]
[BlackElo "2302"]
[PlyCount "110"]
[EventDate "2012.09.30"]
[EventType "team-tourn"]
[EventRounds "9"]
[EventCountry "GER"]
[SourceTitle "EXT 2019"]
[Source "ChessBase"]
[SourceDate "2018.10.10"]
[SourceVersion "1"]
[SourceVersionDate "2018.10.10"]
[SourceQuality "1"]
[WhiteTeam "Biberach"]
[BlackTeam "Schwaebisch Hall"]
[WhiteTeamCountry "GER"]
[BlackTeamCountry "GER"]

1. d4 e6 2. Nf3 Nf6 3. g3 b6 4. Bg2 Bb7 5. 0-0 Be7 6. c4 0-0 7. Nc3 Na6 8. Re1 Ne4 9. Nxe4 Bxe4 10. Ne5 Bxg2 11. Kxg2 f6 12. Nd3 f5 13. b3 Nb4 14. a3 Nxd3 15. Qxd3 Qe8 16. Qf3 g5 17. h3 Qg6 18. e4 c6 19. e5 h5 20. Bd2 Rf7 21. a4 Raf8 22. a5 Rh7 23. axb6 axb6 24. Qd3 Qf7 25. f3 h4 26. g4 fxg4 27. hxg4 h3+ 28. Kg3 Bb4 29. Rf1 Bxd2 30. Qxd2 Qg6 31. Kh2 Rhf7 32. Qe2 Rf4 33. Kxh3 Rxd4 34. Rad1 c5 35. Kg2 Rf7 36. Rh1 Rff4 37. Kg3 Qg7 38. Ra1 Rf8 39. Rh3 d6 40. exd6 Qf6 41. Qe3 Rf4 42. Rf1 e5 43. d7 e4 44. Kh2 Qd6 45. Kg2 Qxd7 46. Rfh1 Qg7 47. Rh8+ Qxh8 48. Rxh8+ Kxh8 49. fxe4 Rxg4+ 50. Kh3 Rgf4 51. Qc3+ Kh7 52. Qe5 Kg6 53. Kg2 Kh5 54. Qc7 Rf2+ 55. Kg1 Kh4 0-1

[Event "Marianske Lazne op 12th"]
[Site "Marianske Lazne"]
[Date "2013.01.24"]
[Round "7"]
[White "Puranik, Abhimanyu Sameer"]
[Black "Nguyen, Chi Minh"]
[Result "1-0"]
[WhiteElo "2115"]
[BlackElo "2401"]
[PlyCount "53"]
[EventDate "2013.01.19"]
[EventType "swiss"]
[EventRounds "9"]
[EventCountry "CZE"]
[SourceTitle "CBM 152 Extra"]
[Source "ChessBase"]
[SourceDate "2013.02.25"]
[SourceVersion "1"]
[SourceVersionDate "2013.02.25"]
[SourceQuality "1"]

1. e4 e6 2. d4 d5 3. e5 c5 4. c3 Nc6 5. Nf3 Bd7 6. a3 f6 7. Bd3 Qc7 8. 0-0 0-0-0 9. Bf4 c4 10. Bc2 h6 11. Bg3 f5 12. h4 Be8 13. Nbd2 g5 14. hxg5 hxg5 15. Nxg5 Qg7 16. f4 Be7 17. Ndf3 Bh5 18. Qd2 Bxf3 19. gxf3 Nh6 20. Kf2 Nf7 21. Nxe6 Qxg3+ 22. Kxg3 Bh4+ 23. Kg2 Rdg8+ 24. Ng5 Ne7 25. Rh1 Rh5 26. Rxh4 Nxg5 27. fxg5 1-0

[Event "Marianske Lazne op 12th"]
[Site "Marianske Lazne"]
[Date "2013.01.22"]
[Round "5"]
[White "Nguyen, Chi Minh"]
[Black "Chudinovskih, Alexander N"]
[Result "1/2-1/2"]
[WhiteElo "2401"]
[BlackElo "2263"]
[PlyCount "74"]
[EventDate "2013.01.19"]
[EventType "swiss"]
[EventRounds "9"]
[EventCountry "CZE"]
[SourceTitle "CBM 152 Extra"]
[Source "ChessBase"]
[SourceDate "2013.02.25"]
[SourceVersion "1"]
[SourceVersionDate "2013.02.25"]
[SourceQuality "1"]

1. d4 Nf6 2. c4 e6 3. Nc3 c5 4. d5 exd5 5. cxd5 d6 6. e4 g6 7. f4 Bg7 8. Nf3 0-0 9. Be2 Bg4 10. 0-0 Nbd7 11. h3 Bxf3 12. Bxf3 Re8 13. g4 h6 14. Qc2 c4 15. Be3 b5 16. a3 a5 17. Rae1 Rb8 18. e5 dxe5 19. g5 Nh7 20. f5 Nxg5 21. fxg6 fxg6 22. Qxg6 Nxh3+ 23. Kg2 Nf4+ 24. Bxf4 exf4 25. d6 Ne5 26. Rxe5 Rxe5 27. Ne4 Rxe4 28. Bxe4 Qg5+ 29. Kf3 Qxg6 30. Bxg6 Rb6 31. Rd1 Bxb2 32. Kxf4 Bxa3 33. d7 Be7 34. Ke3 b4 35. Be4 c3 36. Bc2 Kg7 37. Rg1+ Bg5+ 1/2-1/2

[Event "Rohde op 12th"]
[Site "Sautron"]
[Date "2012.11.03"]
[Round "9"]
[White "Gleizerov, Evgeny"]
[Black "Nguyen, Chi Minh"]
[Result "1/2-1/2"]
[WhiteElo "2564"]
[BlackElo "2392"]
[PlyCount "110"]
[EventDate "2012.10.27"]
[EventType "swiss"]
[EventRounds "9"]
[EventCountry "FRA"]
[SourceTitle "EXT 2014"]
[Source "ChessBase"]
[SourceDate "2013.11.20"]
[SourceVersion "1"]
[SourceVersionDate "2013.11.20"]
[SourceQuality "1"]

1. d4 Nf6 2. c4 e6 3. g3 Bb4+ 4. Bd2 Be7 5. Bg2 d5 6. Nf3 c6 7. Bf4 0-0 8. 0-0 b6 9. Nc3 Nbd7 10. Rc1 Bb7 11. cxd5 exd5 12. Qc2 Nh5 13. Bd2 f5 14. Ne5 Nxe5 15. dxe5 Qe8 16. Qb3 Kh8 17. Bf3 Rd8 18. Qa4 a6 19. Qb3 b5 20. Na4 g5 21. Nc5 Bxc5 22. Rxc5 g4 23. Bg2 Ng7 24. Bg5 Ne6 25. Bxd8 Nxc5 26. Qa3 Qxd8 27. Qxc5 Re8 28. f4 gxf3 29. Rxf3 Qe7 30. Qxe7 Rxe7 31. Rxf5 Kg7 32. b4 Bc8 33. Rf6 Bd7 34. Rd6 Be8 35. e6 Kf6 36. Bh3 Ra7 37. Rd8 Ke7 38. Rb8 a5 39. a3 h5 40. Bf5 axb4 41. axb4 Ra4 42. h3 Rxb4 43. g4 hxg4 44. hxg4 Rf4 45. Kg2 d4 46. Rc8 b4 47. Kg3 Rf1 48. Bd3 b3 49. g5 Bh5 50. Rc7+ Kd6 51. Rb7 Kxe6 52. Rxb3 Rg1+ 53. Kh4 Rh1+ 54. Kg3 Rg1+ 55. Kh4 Rh1+ 1/2-1/2

[Event "Rohde op 12th"]
[Site "Sautron"]
[Date "2012.11.??"]
[Round "1"]
[White "Jaouen, Valentin"]
[Black "Nguyen, Chi Minh"]
[Result "0-1"]
[WhiteElo "1977"]
[BlackElo "2392"]
[PlyCount "72"]
[EventDate "2012.10.27"]
[EventType "swiss"]
[EventRounds "9"]
[EventCountry "FRA"]
[SourceTitle "EXT 2014"]
[Source "ChessBase"]
[SourceDate "2013.11.20"]
[SourceVersion "1"]
[SourceVersionDate "2013.11.20"]
[SourceQuality "1"]

1. e4 e6 2. d4 d5 3. Nc3 Bb4 4. e5 Ne7 5. a3 Bxc3+ 6. bxc3 b6 7. Qg4 Ng6 8. h4 h5 9. Qg5 Ba6 10. Bd3 Bxd3 11. Qxd8+ Kxd8 12. cxd3 c5 13. dxc5 Nxe5 14. cxb6 Nxd3+ 15. Kd2 Nc5 16. bxa7 Nb3+ 17. Kd3 Nxa1 18. axb8Q+ Rxb8 19. Nf3 Nb3 20. Bf4 Rb7 21. Bd6 Na5 22. Ne5 f6 23. Ng6 Re8 24. Bb4 Nc6 25. Nf4 Nxb4+ 26. axb4 Ra7 27. f3 Ke7 28. Nxh5 Kd6 29. g4 Rc8 30. Ng3 Ra3 31. Rc1 Rc4 32. Kd2 d4 33. Ne4+ Ke5 34. b5 f5 35. gxf5 exf5 36. Ng3 Rcxc3 0-1

[Event "Rohde op 12th"]
[Site "Sautron"]
[Date "2012.11.??"]
[Round "7"]
[White "Rate, Bruno"]
[Black "Nguyen, Chi Minh"]
[Result "1/2-1/2"]
[WhiteElo "2077"]
[BlackElo "2392"]
[PlyCount "54"]
[EventDate "2012.10.27"]
[EventType "swiss"]
[EventRounds "9"]
[EventCountry "FRA"]
[SourceTitle "EXT 2014"]
[Source "ChessBase"]
[SourceDate "2013.11.20"]
[SourceVersion "1"]
[SourceVersionDate "2013.11.20"]
[SourceQuality "1"]

1. d4 e6 2. c4 Nf6 3. Nf3 b6 4. g3 Bb7 5. Bg2 Be7 6. 0-0 0-0 7. Nc3 Na6 8. Bf4 c5 9. d5 d6 10. dxe6 fxe6 11. Bh3 Nc7 12. Nb5 e5 13. Nxc7 Qxc7 14. Be3 Qc6 15. Bg2 Qe8 16. h3 Rd8 17. Qb3 Qh5 18. Ng5 Bc8 19. Qd3 h6 20. g4 Qe8 21. Bd5+ Kh8 22. Ne6 e4 23. Qd2 Nxd5 24. Qxd5 Bxe6 25. Qxe6 Bf6 26. Qxe8 Rfxe8 27. Rab1 d5 1/2-1/2

[Event "Rohde op 12th"]
[Site "Sautron"]
[Date "2012.10.30"]
[Round "5"]
[White "Pancevski, Filip"]
[Black "Nguyen, Chi Minh"]
[Result "1-0"]
[WhiteElo "2482"]
[BlackElo "2392"]
[PlyCount "65"]
[EventDate "2012.10.27"]
[EventType "swiss"]
[EventRounds "9"]
[EventCountry "FRA"]
[SourceTitle "EXT 2014"]
[Source "ChessBase"]
[SourceDate "2013.11.20"]
[SourceVersion "1"]
[SourceVersionDate "2013.11.20"]
[SourceQuality "1"]

1. e4 e6 2. Qe2 Be7 3. Nf3 d5 4. d3 Nf6 5. g3 b5 6. Bg2 dxe4 7. dxe4 b4 8. Nbd2 Ba6 9. Nc4 0-0 10. b3 Nc6 11. Bb2 Bc5 12. Rd1 Qe7 13. 0-0 e5 14. Bh3 Rfd8 15. Rd3 Bd4 16. Bxd4 Bxc4 17. bxc4 Nxd4 18. Nxd4 Rxd4 19. Rxd4 exd4 20. e5 Re8 21. f4 Nd7 22. Re1 Nc5 23. Qd2 Rd8 24. Qxb4 d3 25. cxd3 Kf8 26. Rd1 g5 27. d4 gxf4 28. gxf4 Ne6 29. Qxe7+ Kxe7 30. Bxe6 Kxe6 31. Kf2 Rb8 32. Ke3 Rb4 33. d5+ 1-0